00502 2200193 4500001002100000005001500021008004100036020002200077035001900099041000700118082001200125090001800137100001700155245004800172260004000220300002200260500001000282650001600292INLIS00000000000220720241224112508241224||||||||| | ||| |||| || |  a978-602-9018-57-8 0010-1224002207 aid0 a610.696 a610.696 RUD e0 aRudi Haryono00aEtika Keperawatan Dengan Pendekatan Praktis aYogyakartabGosyen Publishingc2013 ax,131 hlm.;20 cm. aCet.1 0aKeperawatan